[Event "Titled Tuesday intern op 21st May Early"]
[Site "Chess.com INT"]
[Date "2024.05.21"]
[Round "6"]
[White "Feliz Dotel, Dewar Bienvenido"]
[Black "Bielinski, Dariusz"]
[Result "1-0"]
[WhiteElo "2027"]
[BlackElo "2140"]
[PlyCount "191"]
[EventDate "2024.05.21"]
[EventType "swiss (blitz)"]
[EventRounds "11"]
[EventCountry "USA"]
[SourceTitle "CB22_2024"]
[SourceDate "2024.05.29"]
[SourceVersion "1"]
[SourceVersionDate "2024.05.29"]
[SourceQuality "1"]

1. d4 d6 2. e3 e5 3. Nf3 exd4 4. Nxd4 g6 5. Be2 Bg7 6. 0-0 Ne7 7. c4 0-0 8. Nc3 Nbc6 9. Nxc6 Nxc6 10. Bd2 Re8 11. Qc2 Bf5 12. e4 Nd4 13. Qd3 Nxe2+ 14. Qxe2 Bxc3 15. Bxc3 Rxe4 16. Qf3 Qe7 17. Rfe1 Re8 18. h3 h5 19. Rxe4 Bxe4 20. Qf4 g5 21. Qg3 h4 22. Qe3 Bc6 23. Qd4 f6 24. Re1 Qf7 25. Rxe8+ Bxe8 26. Qxf6 Qxf6 27. Bxf6 Bf7 28. b3 d5 29. cxd5 Bxd5 30. Bxg5 a5 31. Bxh4 b5 32. Bd8 a4 33. bxa4 bxa4 34. a3 c5 35. f3 c4 36. Bf6 Kf7 37. Bc3 Ke6 38. Kf2 Kf5 39. Ke3 Be6 40. h4 Bf7 41. g4+ Kg6 42. h5+ Kh6 43. Kf4 Bg8 44. Kg3 Bf7 45. Kh4 Be6 46. g5+ Kh7 47. f4 Bf5 48. g6+ Kh6 49. Bf6 Be6 50. Bc3 Bf5 51. g7 Be6 52. f5 Bf7 53. f6 Kh7 54. Kg5 Be6 55. h6 Bf7 56. Bd4 Be6 57. Bc3 Bf7 58. Bd4 Be6 59. f7 Bxf7 60. Kf6 Bg8 61. Ke7 Kxh6 62. Kf8 Kh7 63. Bc3 Bd5 64. Bd4 Be6 65. Bc3 Bd5 66. Ke7 Bg8 67. Kd6 Kg6 68. Kc5 Bf7 69. Kb5 Kh7 70. Kxa4 Kg8 71. Kb4 Be6 72. a4 Kf7 73. a5 Ke7 74. a6 Kd7 75. Be5 Kc6 76. Ka5 Bf7 77. Bd4 Be6 78. Bc3 Bf7 79. Bd4 Be6 80. Bc3 Bf7 81. a7 Kb7 82. Bd4 Ka8 83. Kb4 Bg8 84. Bc5 Bf7 85. Kc3 Bg8 86. Kd4 Kb7 87. Kc3 Bf7 88. Be3 Bg8 89. Kd4 Bf7 90. Ke5 Bg8 91. Kf6 c3 92. Ke7 c2 93. Kf8 Bh7 94. Kf7 c1Q 95. Bxc1 Kxa7 96. Bd2 1-0

[Event "Titled Tuesday intern op 21st May Early"]
[Site "Chess.com INT"]
[Date "2024.05.21"]
[Round "9"]
[White "Feliz Dotel, Dewar Bienvenido"]
[Black "Sultanbek, Zeinep"]
[Result "0-1"]
[WhiteElo "2027"]
[BlackElo "2112"]
[PlyCount "74"]
[EventDate "2024.05.21"]
[EventType "swiss (blitz)"]
[EventRounds "11"]
[EventCountry "USA"]
[SourceTitle "CB22_2024"]
[SourceDate "2024.05.29"]
[SourceVersion "1"]
[SourceVersionDate "2024.05.29"]
[SourceQuality "1"]

1. d4 e6 2. e3 d5 3. Nf3 Nf6 4. Bd3 c5 5. b3 Bd6 6. Bb2 0-0 7. 0-0 b6 8. Nbd2 Bb7 9. Ne5 Nbd7 10. f4 Ne4 11. Nxe4 dxe4 12. Bb5 Bxe5 13. dxe5 Nb8 14. Qxd8 Rxd8 15. Rad1 Nc6 16. a3 Ne7 17. g4 a6 18. Be2 g6 19. Kf2 Kf8 20. a4 Ke8 21. Ba3 Rxd1 22. Rxd1 Rd8 23. a5 Rxd1 24. Bxd1 Kd7 25. axb6 Kc6 26. c3 Kxb6 27. Bc2 Bd5 28. Kg3 a5 29. Kh4 h6 30. Kg3 Nc6 31. h4 Na7 32. Kf2 Nb5 33. Bb2 c4 34. bxc4 Bxc4 35. Bxe4 a4 36. h5 a3 37. Ba1 gxh5 0-1

[Event "Titled Tuesday intern op 21st May Early"]
[Site "Chess.com INT"]
[Date "2024.05.21"]
[Round "10"]
[White "Kaganskiy, Gleb"]
[Black "Feliz Dotel, Dewar Bienvenido"]
[Result "1-0"]
[WhiteElo "2164"]
[BlackElo "2027"]
[PlyCount "61"]
[EventDate "2024.05.21"]
[EventType "swiss (blitz)"]
[EventRounds "11"]
[EventCountry "USA"]
[SourceTitle "CB22_2024"]
[SourceDate "2024.05.29"]
[SourceVersion "1"]
[SourceVersionDate "2024.05.29"]
[SourceQuality "1"]

1. a3 b5 2. e4 Bb7 3. Nc3 a6 4. d4 e6 5. Bd3 c5 6. Nf3 cxd4 7. Nxd4 Nc6 8. Be3 Nf6 9. 0-0 Qc7 10. Re1 Rc8 11. a4 b4 12. Nd5 Nxd5 13. exd5 Nxd4 14. Bxd4 Bxd5 15. Bxa6 Bb7 16. Bxb7 Qxb7 17. a5 Bc5 18. a6 Qa7 19. Bxc5 Rxc5 20. Qd4 0-0 21. Re5 Rfc8 22. g3 d5 23. Qxb4 Rxc2 24. Qe1 R8c6 25. Rxd5 Kf8 26. Rd2 g6 27. Rxc2 Rxc2 28. b4 Rb2 29. h4 h5 30. Qe3 Rxb4 31. Qxa7 1-0

[Event "Titled Tuesday intern op 30th Apr Early"]
[Site "Chess.com INT"]
[Date "2024.04.30"]
[Round "3"]
[White "Feliz Dotel, Dewar Bienvenido"]
[Black "Shinkarev, M."]
[Result "0-1"]
[WhiteElo "2032"]
[BlackElo "2111"]
[PlyCount "48"]
[EventDate "2024.04.30"]
[EventType "swiss (blitz)"]
[EventRounds "11"]
[EventCountry "USA"]
[SourceTitle "CB19_2024"]
[SourceDate "2024.05.08"]
[SourceVersion "1"]
[SourceVersionDate "2024.05.08"]
[SourceQuality "1"]

1. c4 c6 2. e4 d5 3. cxd5 cxd5 4. exd5 Nf6 5. Nc3 Nxd5 6. Bc4 Nb6 7. Bb3 Nc6 8. Nf3 e6 9. 0-0 Be7 10. d4 0-0 11. Re1 Na5 12. Bc2 Bf6 13. b4 Nc6 14. Ne4 Bxd4 15. Qd3 f5 16. Nxd4 Qxd4 17. Nc3 Qxd3 18. Bxd3 Nxb4 19. Bb1 Bd7 20. Ba3 a5 21. Rd1 Bc6 22. Ne2 Rfd8 23. Rxd8+ Rxd8 24. Nc3 Na4 0-1

[Event "Titled Tuesday intern op 30th Apr Early"]
[Site "Chess.com INT"]
[Date "2024.04.30"]
[Round "4"]
[White "Vifleemskaia, Svetlana"]
[Black "Feliz Dotel, Dewar Bienvenido"]
[Result "1-0"]
[WhiteElo "1942"]
[BlackElo "2032"]
[PlyCount "91"]
[EventDate "2024.04.30"]
[EventType "swiss (blitz)"]
[EventRounds "11"]
[EventCountry "USA"]
[SourceTitle "CB19_2024"]
[SourceDate "2024.05.08"]
[SourceVersion "1"]
[SourceVersionDate "2024.05.08"]
[SourceQuality "1"]

1. d4 Nf6 2. c4 g6 3. Nc3 d5 4. cxd5 Nxd5 5. Bd2 Bg7 6. e4 Nxc3 7. Bxc3 c5 8. d5 Bxc3+ 9. bxc3 Qa5 10. Qd2 0-0 11. c4 Qxd2+ 12. Kxd2 e6 13. Nf3 a6 14. a4 Nd7 15. e5 Re8 16. Re1 b5 17. dxe6 Rxe6 18. cxb5 axb5 19. Bxb5 Nb6 20. Ra1 Bb7 21. Rhe1 Rd8+ 22. Kc3 Kg7 23. a5 Nd5+ 24. Kc4 Nc7 25. Ng5 Re7 26. f4 h6 27. Nf3 Re6 28. Rad1 Rxd1 29. Rxd1 Nxb5 30. Kxb5 Ba6+ 31. Kxc5 Be2 32. Rd6 Re7 33. Nd4 Bf1 34. g4 Rc7+ 35. Kb6 Rc4 36. a6 Rb4+ 37. Kc5 Ra4 38. Nb5 Rc4+ 39. Kb6 Rb4 40. Rd5 Bg2 41. Rd4 Rb2 42. a7 Ra2 43. Rd7 Bf1 44. e6 Kf8 45. Rxf7+ Kg8 46. Rc7 1-0

[Event "Titled Tuesday intern op 02nd Apr Early"]
[Site "Chess.com INT"]
[Date "2024.04.02"]
[Round "8"]
[White "Feliz Dotel, Dewar Bienvenido"]
[Black "Mayaud, Raphael"]
[Result "1-0"]
[WhiteElo "2032"]
[BlackElo "2175"]
[PlyCount "71"]
[EventDate "2024.04.02"]
[EventType "swiss (blitz)"]
[EventRounds "11"]
[EventCountry "USA"]
[SourceTitle "CB15_2024"]
[SourceDate "2024.04.10"]
[SourceVersion "1"]
[SourceVersionDate "2024.04.10"]
[SourceQuality "1"]

1. c4 c6 2. e4 d5 3. cxd5 cxd5 4. exd5 Nf6 5. Nf3 g6 6. Nc3 Nxd5 7. d4 Bg7 8. Bc4 Nb6 9. Be2 0-0 10. 0-0 Nc6 11. Be3 Bf5 12. a4 Rc8 13. a5 Nd5 14. a6 b6 15. Nb5 Qd7 16. Rc1 Rfd8 17. Qb3 Na5 18. Qa3 Bg4 19. Ne5 Bxe5 20. Bxg4 Bxh2+ 21. Kxh2 Qxg4 22. Nxa7 Ra8 23. Nc6 Nxc6 24. Rxc6 Qd7 25. Rfc1 Qa7 26. Ra1 Rdc8 27. Rxc8+ Rxc8 28. b4 b5 29. Kg1 e6 30. Bh6 Rc6 31. Rc1 Rxc1+ 32. Qxc1 f6 33. Qc8+ Kf7 34. Qb7+ Qxb7 35. axb7 Nb6 36. b8Q 1-0

[Event "Titled Tuesday intern op 13th Feb Late"]
[Site "Chess.com INT"]
[Date "2024.02.13"]
[Round "11"]
[White "Feliz Dotel, Dewar Bienvenido"]
[Black "Curtis, John"]
[Result "0-1"]
[WhiteElo "2032"]
[BlackElo "2292"]
[PlyCount "110"]
[EventDate "2024.02.13"]
[EventType "swiss (blitz)"]
[EventRounds "11"]
[EventCountry "USA"]
[SourceTitle "CB08_2024"]
[SourceDate "2024.02.21"]
[SourceVersion "1"]
[SourceVersionDate "2024.02.21"]
[SourceQuality "1"]

1. d4 Nf6 2. e3 d5 3. Nf3 c5 4. dxc5 Nc6 5. Bb5 g6 6. b4 Bg7 7. Bb2 0-0 8. a3 a5 9. Bxc6 bxc6 10. 0-0 Bf5 11. Nbd2 Qb8 12. c3 Bd3 13. Re1 Ne4 14. Nd4 Nxc5 15. Nxc6 Qb7 16. Nxe7+ Qxe7 17. bxc5 Rfb8 18. Nf3 Be4 19. Ra2 Bxf3 20. Qxf3 Qxc5 21. Ba1 Qc4 22. Qe2 a4 23. Rd2 Rb3 24. Red1 Qxe2 25. Rxe2 Rxa3 26. Bb2 Rb3 27. Rxd5 Rab8 28. Bc1 Rb1 29. Re1 Bxc3 30. Red1 Kg7 31. g3 Bb2 32. Bxb2+ R8xb2 33. Rxb1 Rxb1+ 34. Kg2 a3 35. Ra5 Rb3 36. Kf3 h5 37. h3 f6 38. g4 h4 39. g5 fxg5 40. Kg4 Rb4+ 41. Kf3 g4+ 42. hxg4 Rb3 43. g5 h3 44. Kg3 Rb2 45. Ra7+ Kg8 46. Kxh3 Rxf2 47. Rxa3 Rf1 48. Kg4 Rg1+ 49. Kf4 Rf1+ 50. Ke4 Rf5 51. Ra7 Rxg5 52. Kf4 Rg1 53. e4 Kf8 54. Ke5 Rf1 55. Rb7 g5 0-1

[Event "Titled Tuesday intern op 13th Feb Late"]
[Site "Chess.com INT"]
[Date "2024.02.13"]
[Round "3"]
[White "Feliz Dotel, Dewar Bienvenido"]
[Black "Rees, Ioan"]
[Result "0-1"]
[WhiteElo "2032"]
[BlackElo "2266"]
[PlyCount "74"]
[EventDate "2024.02.13"]
[EventType "swiss (blitz)"]
[EventRounds "11"]
[EventCountry "USA"]
[SourceTitle "CB08_2024"]
[SourceDate "2024.02.21"]
[SourceVersion "1"]
[SourceVersionDate "2024.02.21"]
[SourceQuality "1"]

1. d4 d5 2. e3 Nf6 3. Nf3 Bg4 4. h3 Bxf3 5. Qxf3 e6 6. c4 Nbd7 7. Bd3 c6 8. 0-0 Bd6 9. b3 e5 10. cxd5 cxd5 11. e4 dxe4 12. Bxe4 Nxe4 13. Qxe4 0-0 14. Nc3 Nf6 15. Qh4 exd4 16. Nb5 Be5 17. Rd1 Nd5 18. Qe4 Re8 19. Qf3 a6 20. Nxd4 Nb4 21. Be3 Qf6 22. Qxb7 Rab8 23. Qf3 Qxf3 24. Nxf3 Bxa1 25. Rxa1 Nc2 26. Rc1 Nxe3 27. fxe3 Rxe3 28. Kf2 Re6 29. Rc7 h6 30. Ra7 Rc8 31. a4 Rc2+ 32. Kg3 Rc3 33. b4 Rc4 34. b5 Rxa4 35. bxa6 Raxa6 36. Rb7 Rg6+ 37. Kf4 Rxg2 0-1

[Event "Titled Tuesday intern op 16th Jan Early"]
[Site "Chess.com INT"]
[Date "2024.01.16"]
[Round "4"]
[White "Feliz Dotel, Dewar Bienvenido"]
[Black "Garrido, Denis"]
[Result "0-1"]
[WhiteElo "2048"]
[BlackElo "2230"]
[PlyCount "76"]
[EventDate "2024.01.16"]
[EventType "swiss (blitz)"]
[EventRounds "11"]
[EventCountry "USA"]
[SourceTitle "CB04_2024"]
[SourceDate "2023.10.16"]
[SourceVersion "1"]
[SourceVersionDate "2023.10.16"]
[SourceQuality "1"]

1. c4 c5 2. Nc3 g6 3. g3 Bg7 4. Bg2 Nc6 5. e3 d6 6. Nge2 h5 7. h4 Bd7 8. d4 b6 9. 0-0 Nh6 10. b3 Qc8 11. Bb2 Bh3 12. dxc5 bxc5 13. Bxh3 Qxh3 14. Nf4 Qd7 15. Qd5 e6 16. Qd2 Ne5 17. Qe2 Qc6 18. e4 0-0 19. Nb5 Rfd8 20. Rad1 a6 21. Na3 Nhg4 22. Nd3 Nxd3 23. Bxg7 Nde5 24. Bxe5 dxe5 25. f3 Nf6 26. Rxd8+ Rxd8 27. Rd1 Rd4 28. Nc2 Qd7 29. Nxd4 exd4 30. e5 Ne8 31. Qe4 a5 32. f4 Ng7 33. a3 Nf5 34. Kh2 Qc7 35. b4 axb4 36. axb4 cxb4 37. Rc1 Qc5 38. Qa8+ Kg7 0-1

[Event "Titled Tuesday intern op 16th Jan Early"]
[Site "Chess.com INT"]
[Date "2024.01.16"]
[Round "2"]
[White "Feliz Dotel, Dewar Bienvenido"]
[Black "Miszler, Levente"]
[Result "0-1"]
[WhiteElo "2048"]
[BlackElo "2265"]
[PlyCount "56"]
[EventDate "2024.01.16"]
[EventType "swiss (blitz)"]
[EventRounds "11"]
[EventCountry "USA"]
[SourceTitle "CB04_2024"]
[SourceDate "2023.10.16"]
[SourceVersion "1"]
[SourceVersionDate "2023.10.16"]
[SourceQuality "1"]

1. c4 e5 2. g3 Nc6 3. Bg2 g6 4. Nc3 Bg7 5. d3 Nf6 6. Nf3 d6 7. 0-0 0-0 8. Rb1 a5 9. a3 h6 10. b4 axb4 11. axb4 Be6 12. b5 Ne7 13. Nd2 Rb8 14. b6 c6 15. Ba3 Qd7 16. Nde4 Nxe4 17. Nxe4 c5 18. Qb3 Nc6 19. e3 f5 20. Nc3 f4 21. Rfd1 f3 22. Bh1 h5 23. Ne4 h4 24. Ng5 Bg4 25. d4 exd4 26. exd4 Nxd4 27. Rxd4 Bxd4 28. Nxf3 Qf5 0-1

[Event "Titled Tuesday intern op 14th Nov Early"]
[Site "Chess.com INT"]
[Date "2023.11.14"]
[Round "4"]
[White "Feliz Dotel, Dewar Bienvenido"]
[Black "Vincenti, Leonardo"]
[Result "1-0"]
[WhiteElo "2048"]
[BlackElo "2120"]
[PlyCount "173"]
[EventDate "2023.11.14"]
[EventType "swiss (blitz)"]
[EventRounds "11"]
[EventCountry "USA"]
[SourceTitle "CB47_2023"]
[SourceDate "2023.11.22"]
[SourceVersion "1"]
[SourceVersionDate "2023.11.22"]
[SourceQuality "1"]

1. d4 Nf6 2. e3 g6 3. Nf3 Bg7 4. Be2 c6 5. 0-0 d5 6. b4 0-0 7. Bb2 Bf5 8. c4 Nbd7 9. a4 dxc4 10. Bxc4 Nb6 11. Be2 Nbd5 12. b5 cxb5 13. axb5 Ne4 14. Nfd2 Nxd2 15. Nxd2 Re8 16. e4 Nf4 17. exf5 Bxd4 18. Bxd4 Qxd4 19. Bf3 Rad8 20. Ne4 Qe5 21. Qa4 gxf5 22. Ng3 Ng6 23. Rfe1 Qf6 24. Qxa7 f4 25. Ne4 Qh4 26. Qc5 e5 27. Nd6 Re6 28. Nxb7 Rd2 29. Ra8+ Kg7 30. Nd8 Rxd8 31. Rxd8 Qxd8 32. Be4 Rb6 33. Bxg6 hxg6 34. h3 f6 35. Ra1 Rb7 36. Qc6 Qb6 37. Qxb6 Rxb6 38. Rb1 Kf7 39. Kf1 Ke6 40. Ke2 Kd5 41. Kf3 f5 42. h4 Kc4 43. Rc1+ Kxb5 44. Rc8 Rd6 45. Re8 Rd5 46. Re6 Kc4 47. Rxg6 Kd4 48. Rf6 Rd7 49. Rxf5 Rh7 50. h5 Rh6 51. Kg4 Rh8 52. Kg5 Ke4 53. Rf6 Kd5 54. h6 e4 55. Rxf4 Ke5 56. Rf5+ Ke6 57. Rf6+ Ke7 58. Rf4 e3 59. Re4+ Kf7 60. Rxe3 Rg8+ 61. Kh5 Rxg2 62. Rb3 Rh2+ 63. Kg4 Rg2+ 64. Kf3 Rh2 65. Rb7+ Kg6 66. h7 Rh3+ 67. Ke4 Rh4+ 68. f4 Rxh7 69. Rxh7 Kxh7 70. Ke5 Kg7 71. Ke6 Kf8 72. Kf6 Ke8 73. Kg7 Ke7 74. f5 Kd6 75. f6 Ke6 76. f7 Kd7 77. f8Q Ke6 78. Qf6+ Kd5 79. Kf7 Ke4 80. Ke6 Kd3 81. Qe5 Kd2 82. Qe4 Kc1 83. Qg2 Kb1 84. Kd5 Ka1 85. Kc4 Kb1 86. Kb3 Ka1 87. Qb2# 1-0

[Event "Titled Tuesday intern op 26th Sep Early"]
[Site "Chess.com INT"]
[Date "2023.09.26"]
[Round "11"]
[White "Bold, Andre"]
[Black "Feliz Dotel, Dewar Bienvenido"]
[Result "1/2-1/2"]
[WhiteElo "2194"]
[BlackElo "2035"]
[PlyCount "118"]
[EventDate "2023.09.26"]
[EventType "swiss (blitz)"]
[EventRounds "11"]
[EventCountry "USA"]
[SourceTitle "EXT 2024"]
[Source "ChessBase"]
[SourceDate "2023.10.10"]
[SourceVersion "1"]
[SourceVersionDate "2023.10.10"]
[SourceQuality "1"]

1. d4 d5 2. Nc3 e6 3. Bf4 Nf6 4. e3 Bd6 5. Nf3 Bxf4 6. exf4 0-0 7. Bd3 b6 8. 0-0 Ba6 9. Bxa6 Nxa6 10. Ne5 c5 11. Nb5 cxd4 12. Nxd4 Nc5 13. f3 Rc8 14. c3 Ncd7 15. Nxd7 Qxd7 16. Qe2 Qc7 17. g3 Qc4 18. Rae1 Qxe2 19. Rxe2 a6 20. f5 exf5 21. Nxf5 Rcd8 22. Rd1 g6 23. Nd4 Rfe8 24. Rde1 Rxe2 25. Rxe2 Re8 26. Kf2 Kf8 27. Rxe8+ Kxe8 28. Ke3 Kd7 29. Ne2 Kd6 30. Kd4 g5 31. h4 h6 32. hxg5 hxg5 33. Ng1 Nh5 34. Ne2 Ng7 35. g4 f5 36. Ke3 f4+ 37. Kd3 Ne6 38. Nd4 b5 39. Nxe6 Kxe6 40. Kd4 Kd6 41. b4 Ke6 42. Kc5 Ke5 43. a3 Ke6 44. Kb6 d4 45. cxd4 Kd5 46. Kxa6 Kxd4 47. Kxb5 Ke3 48. a4 Kxf3 49. a5 Kxg4 50. a6 f3 51. a7 f2 52. a8Q f1Q+ 53. Kc5 Qc1+ 54. Kb6 Qe3+ 55. Kb5 Qd3+ 56. Kc5 Qc3+ 57. Kb5 Qd3+ 58. Kc5 Qc3+ 59. Kb5 Qd3+ 1/2-1/2